000 00695nam a2200277Ia 4500
001 Z_5591
003 CHAP
008 220113s2004 xx 000 0 und d
010 _a168685
020 _a950-555-278-5
040 _cCHAP
082 _a636.3089 A5
100 _aAisen, Eduardo G.
_9142966
245 _aReproducción ovina y caprina /
_cpor Eduardo G. Aisen
260 _aBuenos aires :
_bInter-Médica,
_c2004
300 _a206 p. :
_bilus.
503 _ac/e
650 _aGanado caprino
_xReproducción
_9142967
650 _aGanado lanar
_xReproducción
_945220
901 _a636.3089 A5
902 _aM
910 _a2004
942 _c1
942 _cc1
999 _c168685
_d168685